| 000 | 00643nam a22002417a 4500 | ||
|---|---|---|---|
| 003 | UA-OsUOA | ||
| 001 | 20673 | ||
| 007 | ta | ||
| 008 | 20031103b un ||||| |||| 00| 0 ukr d | ||
| 100 | _aТрешников А.Ф. | ||
| 090 |
_a929:910.4 _bТ66 |
||
| 942 | _cBK | ||
| 040 |
_aUA-OsUOA _brus _cUA-OsUOA _dUA-OsUOA |
||
| 245 |
_aРуал Амундсен _bК столетию со дня рождения |
||
| 300 |
_a54 с. _bІлюстрації |
||
| 955 | _a0 | ||
| 041 | _arus | ||
| 080 | _a929:910.4 | ||
| 260 |
_aЛенинград _bГидрометеоиздат _c1972 |
||
| 044 | _aRU | ||
| 650 | 7 | _2UDC | |
| 999 |
_c306853 _d306853 |
||